MARC

LEADER 00000nam0a2200000 4500
001 30638
005 20231225141843.0
035 |a (RuTPU)RU\TPU\book\30911 
035 |a BOOK00030988 
090 |a 30638 
100 |a 20011209d2001 m y0rusy50 ca 
101 0 |a rus 
102 |a RU 
105 |a y j 001zy 
200 1 |a Психодиагностика  |e учебное пособие: дистанционное образование  |f И. Б. Ардашкин, И. А. Дубинина  |g Томский политехнический университет 
210 |a Томск  |c Изд-во ТПУ  |d 2001 
215 |a 99 с. 
320 |a Библиогр.: с. 98. 
606 |a Личность  |x Как социально-психологическое явление  |2 stltpush  |3 (RuTPU)RU\TPU\subj\40536  |9 60382 
606 |a Психодиагностика  |x практическая психология  |2 stltpush  |3 (RuTPU)RU\TPU\subj\71111  |9 85159 
610 1 |a психология 
610 1 |a психодиагностика 
610 1 |a история 
610 1 |a индивидуальность 
610 1 |a интеллектуальная деятельность 
610 1 |a способности 
610 1 |a мотивация 
610 1 |a межличностные отношения 
610 1 |a самосознание 
610 1 |a дистанционное образование 
610 1 |a индивидуальное сознание 
610 1 |a учебные пособия 
610 1 |a труды учёных ТПУ 
686 |a Ю952я73  |2 rubbk 
686 |a Ю949.2я73  |2 rubbk 
700 1 |a Ардашкин  |b И. Б.  |c философ  |c профессор Томского политехнического университета, доктор философских наук  |f 1972-  |g Игорь Борисович  |3 (RuTPU)RU\TPU\pers\25417  |9 11359 
701 1 |a Дубинина  |b И. А.  |c российский психолог  |c старший преподаватель Томского политехнического университета  |f 1963-  |g Ирина Анатольевна  |3 (RuTPU)RU\TPU\pers\25556  |4 070 
712 0 2 |a Томский политехнический университет  |3 (RuTPU)RU\TPU\col\376 
801 0 |a RU  |b 63413507  |c 20011209  |g PSBO 
801 2 |a RU  |b 63413507  |c 20180109  |g PSBO 
942 |c BK